000 00650nam a2200241 i 4500
001 C2-0168370
003 PPAK
005 20180728090820.0
008 980716s1985 enka|||| ||||| | eng d
020 _a0340372230
040 _aPPAK
_beng
_cPPAK
_erda
082 0 4 _a796.352
_2 23
090 0 0 _a796.352
_bWAT
_dR
100 1 _aWatson, Tom,
_eauthor
245 1 4 _aThe new rules of golf
264 1 _aLondon :
_bHodder & Stoughton ,
_c1985
300 _avii, 179 pages :
_billustrations ;
_c24 cm
336 _2rdacontent
_atext
337 _2rdamedia
_aunmediated
338 _2rdacarrier
_avolume
650 1 0 _aGolf - Rules
942 _ddc
_cB
999 _c152525
_d152525